| 000 | 00620nac a22001931u 4500 | ||
|---|---|---|---|
| 020 | _a8185749809 | ||
| 082 |
_a621.3076 _bGUP |
||
| 090 |
_c8392 _d8392 |
||
| 100 | _aGupta ,J.B. | ||
| 245 |
_aA text book of Electrical Engineering / _bJ.B.Gupta. |
||
| 260 |
_aDelhi:[2000]. _bS.K.Kataria and sons,2008 _c2008 |
||
| 300 |
_a613 p: _b25cm. |
||
| 500 | _adistributer: Al-Ahram | ||
| 504 | _aIncludes Index. | ||
| 511 | _acatalogued by: wessam | ||
| 650 | _aElectric engineering. | ||
| 650 | _aElectric engineering--Problems, exercises, etc. | ||
| 942 |
_cBB _k621.3076GUP |
||
| 999 |
_c8392 _d8392 |
||